000 00636nam a2200229Ia 4500
005 20250605095344.0
008 131103s9999 xx 000 0 und d
020 _a10215972
040 _aLoreto College
041 _aEnglish
082 _a131.322
_bFRA
100 _aFrankle, Viktor
245 _aPsychotherapy and existentialism
_b selected papers on logotherapy
_cViktor Frankle
260 _aHarmondsworth
_bPenguin
_c1967c
300 _a232p
504 _aIncludes bibliographical references and index
630 _aPsychology
650 _aPsychotherapy
651 _aExistentialism
850 _aLCLIB
942 _cBK
999 _c18415
_d68894